000 00720nam a2200241 a 4500
001 BRCA_7761
005 20190320205959.0
008 120913s1841----fr-#######---#000-0#fre-#
041 _afre
044 _afr
050 4 _aND562
_b.S25 1841
100 1 _aSaint Germain, M. Gault de
_919208
245 1 0 _aÉcoles Allemande, Flamande et Hollandaise
_bguide des amateurs de tableaux
_cpar M. Gault de Saint Germain.
260 _aParís
_bJ. Renouard
_c1841
300 _a2 v.
_c21 cm.
500 _aDos tomos inventariados como un sólo libro
500 _aU117
650 1 4 _aPintores alemanes
_9797
650 1 4 _aPintores flamencos
_97571
650 1 4 _aPintores holandeses
_919209
902 _aGFM
942 _2lcc
_cB
999 _c7435
_d7435